[Event "XtraCon-Skakligaen"]
[Site "Denmark"]
[Date "2014.02.16"]
[Round "7.1"]
[White "Matthiesen, Arne"]
[Black "Kolbak, Jens"]
[Result "1-0"]
[WhiteElo "2358"]
[BlackElo "2271"]
[PlyCount "139"]
[EventDate "2013.11.02"]
[EventType "team-tourn"]
[EventRounds "9"]
[WhiteTeam "SK1968"]
[BlackTeam "Norresundby"]
[WhiteTeamCountry "DEN"]
[BlackTeamCountry "DEN"]

1. Nf3 d5 2. g3 Nf6 3. Bg2 g6 4. c4 c6 5. b3 Bg7 6. Bb2 O-O 7. O-O Bg4 8. d3
Nbd7 9. Nbd2 Re8 10. h3 Bxf3 11. Nxf3 e5 12. cxd5 Nxd5 13. Qc2 a5 14. a3 Qe7
15. Nd2 Nc7 16. Nc4 Ne6 17. e3 Nc7 18. Bc3 a4 19. bxa4 Nd5 20. Bd2 N7b6 21.
Nxb6 Nxb6 22. a5 Nd5 23. Rab1 Ra7 24. Rb3 Rea8 25. Rfb1 Bf8 26. Qb2 Rb8 27. Rc1
Qe6 28. Rc4 Bg7 29. Qc2 Rc8 30. Bf3 h5 31. Kg2 Bf8 32. Qb1 Rc7 33. e4 Nf6 34.
Be3 c5 35. Rb6 Rc6 36. Rxb7 Rxa5 37. a4 Ne8 38. Rb8 Kg7 39. Bd1 Nd6 40. Rc3 Be7
41. Bb3 c4 42. dxc4 Nxc4 43. Kh2 Raa6 44. Rb7 Bd6 45. Qd3 Qc8 46. Bxc4 Qxb7 47.
Bxa6 Rxa6 48. Rc4 Be7 49. Qc2 Qd7 50. Kg2 Qe6 51. Bd2 g5 52. a5 g4 53. h4 Kg6
54. Qb3 Qd6 55. Bb4 Qb8 56. Qc3 Bxb4 57. Rxb4 Qd6 58. Qb3 Qe6 59. Qxe6+ fxe6
60. Rb5 Kf6 61. Kf1 Rc6 62. Rb1 Ra6 63. Ra1 Ke7 64. Ke2 Kd6 65. f3 gxf3+ 66.
Kxf3 Kc5 67. g4 hxg4+ 68. Kxg4 Kb4 69. h5 Kb3 70. h6 1-0

[Event "XtraCon-Skakligaen"]
[Site "Denmark"]
[Date "2014.02.16"]
[Round "7.2"]
[White "Sorensen, Bent"]
[Black "Matthiesen, Martin"]
[Result "1/2-1/2"]
[WhiteElo "2247"]
[BlackElo "2306"]
[PlyCount "121"]
[EventDate "2013.11.02"]
[EventType "team-tourn"]
[EventRounds "9"]
[WhiteTeam "Norresundby"]
[BlackTeam "SK1968"]
[WhiteTeamCountry "DEN"]
[BlackTeamCountry "DEN"]

1. Nf3 c5 2. c4 Nc6 3. Nc3 g6 4. e3 Nf6 5. d4 cxd4 6. exd4 d5 7. cxd5 Nxd5 8.
Qb3 e6 9. Be2 Bg7 10. O-O O-O 11. Rd1 Nce7 12. Bg5 h6 13. Bh4 g5 14. Bg3 Nf5
15. Rac1 Nxg3 16. hxg3 Qe7 17. Ne5 Qd6 18. Nc4 Qe7 19. Bf3 Nxc3 20. Rxc3 Rd8
21. Rcd3 Rb8 22. Ne3 Bd7 23. d5 Rdc8 24. Bg4 Re8 25. dxe6 Bxe6 26. Bxe6 Qxe6
27. Qa3 a6 28. Nd5 Qe2 29. R1d2 Qe1+ 30. Kh2 Re2 31. Qd6 Rf8 32. Rxe2 Qxe2 33.
Ne7+ Kh8 34. Rd2 Qe5 35. Qd7 Bf6 36. Nd5 b5 37. Nxf6 Qxf6 38. Qd6 Qxd6 39. Rxd6
Rc8 40. Rxh6+ Kg7 41. Rxa6 Rc2 42. b3 Rxf2 43. Ra5 Kg6 44. a3 Ra2 45. g4 f6 46.
Kg3 Ra1 47. Kf3 Rf1+ 48. Ke3 b4 49. axb4 Rf4 50. b5 Rxg4 51. Ra4 Rxg2 52. Rb4
Rh2 53. b6 Rh8 54. b7 Rb8 55. Ke4 f5+ 56. Ke5 f4 57. Rb6+ Kg7 58. Ke4 Kf7 59.
Kf3 Ke7 60. Kg4 Kd7 61. Rb5 1/2-1/2

[Event "XtraCon-Skakligaen"]
[Site "Denmark"]
[Date "2014.02.16"]
[Round "7.3"]
[White "Lindfeldt, Jan Magnus"]
[Black "Andreasen, Per Naesby"]
[Result "1/2-1/2"]
[WhiteElo "2286"]
[BlackElo "2232"]
[PlyCount "34"]
[EventDate "2013.11.02"]
[EventType "team-tourn"]
[EventRounds "9"]
[WhiteTeam "SK1968"]
[BlackTeam "Norresundby"]
[WhiteTeamCountry "DEN"]
[BlackTeamCountry "DEN"]

1. e4 d6 2. d4 Nf6 3. Nc3 e5 4. dxe5 dxe5 5. Qxd8+ Kxd8 6. Nf3 Bd6 7. Bc4 Ke7
8. Bg5 c6 9. O-O-O Bc7 10. h3 Nbd7 11. Rhe1 Nb6 12. Bf1 Be6 13. Be3 Nbd7 14.
Ng5 Bb6 15. Nxe6 Kxe6 16. g3 Rhd8 17. a3 Ke7 1/2-1/2

[Event "XtraCon-Skakligaen"]
[Site "Denmark"]
[Date "2014.02.16"]
[Round "7.4"]
[White "Jorgensen, Jorgen"]
[Black "Bank, Pelle Rodkjaer"]
[Result "0-1"]
[WhiteElo "2257"]
[BlackElo "2247"]
[PlyCount "68"]
[EventDate "2013.11.02"]
[EventType "team-tourn"]
[EventRounds "9"]
[WhiteTeam "Norresundby"]
[BlackTeam "SK1968"]
[WhiteTeamCountry "DEN"]
[BlackTeamCountry "DEN"]

1. d4 g6 2. c4 Bg7 3. e4 d6 4. Nc3 Nf6 5. f3 O-O 6. Be3 Nc6 7. Nge2 a6 8. d5
Na5 9. Nd4 c5 10. dxc6 bxc6 11. Be2 Rb8 12. Qc2 Rb4 13. Nd1 c5 14. Bd2 Rb8 15.
Qa4 cxd4 16. Bxa5 Qd7 17. Qa3 Qa7 18. Rc1 Nd7 19. Nf2 d3 20. Nxd3 Nc5 21. b4
Nxd3+ 22. Qxd3 Bd4 23. Rd1 e5 24. g4 Be6 25. Rc1 Rbc8 26. Kd2 f5 27. gxf5 gxf5
28. exf5 Bxf5 29. Qb3 Kh8 30. Rcd1 Qg7 31. Rde1 Qh6+ 32. Kd1 Qg6 33. c5 dxc5
34. bxc5 Rb8 0-1

[Event "XtraCon-Skakligaen"]
[Site "Denmark"]
[Date "2014.02.16"]
[Round "7.5"]
[White "Hansen, Lars"]
[Black "Nielsen, John Bauneborg"]
[Result "1-0"]
[WhiteElo "2241"]
[BlackElo "2128"]
[PlyCount "53"]
[EventDate "2013.11.02"]
[EventType "team-tourn"]
[EventRounds "9"]
[WhiteTeam "SK1968"]
[BlackTeam "Norresundby"]
[WhiteTeamCountry "DEN"]
[BlackTeamCountry "DEN"]

1. e4 c5 2. Nc3 Nc6 3. f4 g6 4. Nf3 Bg7 5. Bb5 Nd4 6. O-O Nxb5 7. Nxb5 Nf6 8.
e5 Nd5 9. d4 Qa5 10. c4 a6 11. cxd5 Qxb5 12. f5 O-O 13. fxg6 hxg6 14. Bg5 f6
15. d6 fxg5 16. dxe7 Re8 17. Nxg5 cxd4 18. Qf3 Rxe7 19. Qh3 Bxe5 20. Qh6 Rg7
21. Nh7 Bxh2+ 22. Kh1 Bf4 23. Nf6+ Kf7 24. Rxf4 Qe2 25. Nh5+ Ke6 26. Rf6+ Kd5
27. Nf4+ 1-0

[Event "XtraCon-Skakligaen"]
[Site "Denmark"]
[Date "2014.02.16"]
[Round "7.6"]
[White "Pedersen, Svend"]
[Black "Rewitz, Poul"]
[Result "1-0"]
[WhiteElo "2231"]
[BlackElo "2233"]
[PlyCount "65"]
[EventDate "2013.11.02"]
[EventType "team-tourn"]
[EventRounds "9"]
[WhiteTeam "Norresundby"]
[BlackTeam "SK1968"]
[WhiteTeamCountry "DEN"]
[BlackTeamCountry "DEN"]

1. e4 c6 2. d4 d5 3. e5 Bf5 4. Ne2 e6 5. Ng3 Bg6 6. c4 Ne7 7. Nc3 Nd7 8. Be2
dxc4 9. Bxc4 Nd5 10. O-O Bb4 11. Nce4 O-O 12. Bg5 f6 13. exf6 gxf6 14. Bh6 Re8
15. a3 Be7 16. f4 f5 17. Ng5 Bf6 18. Qd2 Qb6 19. Rad1 Rad8 20. Bxd5 exd5 21. h4
Re4 22. N5xe4 fxe4 23. Bg5 Re8 24. f5 e3 25. Bxe3 Bxh4 26. fxg6 Bxg3 27. gxh7+
Kh8 28. Rf3 Bh4 29. Rdf1 Qd8 30. Rf5 Bf6 31. Bg5 Re6 32. Bxf6+ Rxf6 33. Rxf6
1-0

[Event "XtraCon-Skakligaen"]
[Site "Denmark"]
[Date "2014.02.16"]
[Round "7.7"]
[White "Hansen, Bjarne"]
[Black "Christiansen, Jens Jorgen"]
[Result "1-0"]
[WhiteElo "2288"]
[BlackElo "2129"]
[PlyCount "69"]
[EventDate "2013.11.02"]
[EventType "team-tourn"]
[EventRounds "9"]
[WhiteTeam "SK1968"]
[BlackTeam "Norresundby"]
[WhiteTeamCountry "DEN"]
[BlackTeamCountry "DEN"]

1. d4 d5 2. c4 c6 3. Nc3 Nf6 4. Nf3 a6 5. a4 e6 6. g3 Nbd7 7. Bg2 Bd6 8. O-O
O-O 9. Qc2 Qe7 10. Rd1 dxc4 11. Nd2 e5 12. Nxc4 exd4 13. Nxd6 Qxd6 14. e3 d3
15. Rxd3 Qe5 16. e4 Qh5 17. Ne2 Qc5 18. Rc3 Qe7 19. b3 Re8 20. Ba3 Qe5 21. Rd1
Nf8 22. Bd6 Qh5 23. h3 Ng6 24. g4 Qa5 25. b4 Qb6 26. a5 Qa7 27. Rcd3 Be6 28.
Bg3 Rac8 29. g5 Nh5 30. Bd6 Nf8 31. Bf3 g6 32. Bxh5 gxh5 33. Nf4 Nd7 34. Nxh5
Bxh3 35. Rxh3 1-0

[Event "XtraCon-Skakligaen"]
[Site "Denmark"]
[Date "2014.02.16"]
[Round "7.1"]
[White "Schandorff, Lars"]
[Black "Andersen, Mads"]
[Result "1-0"]
[WhiteElo "2522"]
[BlackElo "2476"]
[PlyCount "101"]
[EventDate "2013.11.02"]
[EventType "team-tourn"]
[EventRounds "9"]
[WhiteTeam "Hillerod"]
[BlackTeam "Skanderborg"]
[WhiteTeamCountry "DEN"]
[BlackTeamCountry "DEN"]

1. d4 d5 2. c4 c6 3. Nf3 Nf6 4. Nc3 e6 5. Bg5 h6 6. Bxf6 Qxf6 7. e3 Nd7 8. Be2
dxc4 9. Bxc4 Bd6 10. O-O Qe7 11. Ne4 Bc7 12. Bb3 O-O 13. Qc2 Rd8 14. Rfd1 Nf8
15. Rac1 Bd7 16. Nc5 Rab8 17. Nxd7 Nxd7 18. a3 Rbc8 19. Ba2 Bd6 20. g3 c5 21.
d5 e5 22. Nh4 Qf8 23. Bc4 g6 24. e4 Nf6 25. Bf1 Qe7 26. a4 Ne8 27. Bh3 Rc7 28.
Ng2 Qf6 29. Ne3 h5 30. Qe2 Qg5 31. Rf1 Bf8 32. Kh1 Nd6 33. f4 Qe7 34. f5 Bh6
35. Rce1 c4 36. fxg6 fxg6 37. Be6+ Kg7 38. Ng2 b6 39. Nh4 Bg5 40. Nf3 Bf6 41.
Rg1 Rh8 42. g4 hxg4 43. Rxg4 Rh6 44. Reg1 Qe8 45. Bf5 Nxf5 46. exf5 e4 47.
Rxg6+ Rxg6 48. Rxg6+ Kf7 49. Ng5+ Bxg5 50. Qh5 e3 51. Qh7+ 1-0

[Event "XtraCon-Skakligaen"]
[Site "Denmark"]
[Date "2014.02.16"]
[Round "7.2"]
[White "Palo, Davor"]
[Black "Borge, Nikolaj"]
[Result "1-0"]
[WhiteElo "2553"]
[BlackElo "2389"]
[PlyCount "95"]
[EventDate "2013.11.02"]
[EventType "team-tourn"]
[EventRounds "9"]
[WhiteTeam "Skanderborg"]
[BlackTeam "Hillerod"]
[WhiteTeamCountry "DEN"]
[BlackTeamCountry "DEN"]

1. d4 d6 2. Nf3 f5 3. g3 g6 4. Bg2 Bg7 5. O-O Nf6 6. c4 O-O 7. Nc3 Qe8 8. b3
Na6 9. Ba3 h6 10. Qc2 g5 11. Rae1 Qh5 12. b4 c6 13. b5 Nc7 14. bxc6 bxc6 15.
Qa4 Bd7 16. Qa5 Rac8 17. e3 Rf7 18. Rb1 f4 19. exf4 Bg4 20. Nd2 gxf4 21. Qxh5
Nxh5 22. Bf3 Bxf3 23. Nxf3 fxg3 24. fxg3 Ne6 25. Ne2 Rcf8 26. Kg2 Nf6 27. Bc1
Ne4 28. Be3 N6g5 29. Nxg5 Rxf1 30. Rxf1 Rxf1 31. Nxe4 Rd1 32. Kf3 Rf1+ 33. Bf2
Rb1 34. N4c3 Rb4 35. c5 d5 36. Ke3 Kf7 37. Kd3 Rb2 38. Be3 Kg6 39. h3 e5 40.
dxe5 Bxe5 41. Bd4 Bc7 42. Nxd5 Rxe2 43. Kxe2 cxd5 44. Kf3 h5 45. c6 Kf5 46.
Bxa7 Ke6 47. Be3 d4 48. Bf4 1-0

[Event "XtraCon-Skakligaen"]
[Site "Denmark"]
[Date "2014.02.16"]
[Round "7.3"]
[White "Ostergaard, Jens"]
[Black "Semcesen, Daniel"]
[Result "0-1"]
[WhiteElo "2273"]
[BlackElo "2490"]
[PlyCount "102"]
[EventDate "2013.11.02"]
[EventType "team-tourn"]
[EventRounds "9"]
[WhiteTeam "Hillerod"]
[BlackTeam "Skanderborg"]
[WhiteTeamCountry "DEN"]
[BlackTeamCountry "DEN"]

1. d4 d6 2. Nf3 f5 3. g3 Nf6 4. Bg2 g6 5. O-O Bg7 6. c4 O-O 7. b3 Qe8 8. Bb2
Na6 9. d5 c6 10. Nd4 Bd7 11. Nc3 Nc7 12. Rb1 cxd5 13. cxd5 Qf7 14. Ne6 Nxe6 15.
dxe6 Bxe6 16. Bxb7 Rab8 17. Bg2 g5 18. Qd3 Ng4 19. f4 gxf4 20. gxf4 Kh8 21. h3
Nf6 22. Kh2 Rg8 23. Bf3 Qg6 24. Rg1 Qh6 25. Rg5 Qh4 26. Qe3 Ng4+ 27. Bxg4 fxg4
28. Rg1 Bf6 29. Na4 Bxb2 30. Nxb2 Rxg5 31. fxg5 Qxh3+ 32. Qxh3 gxh3 33. Rc1 Rg8
34. Rg1 Rc8 35. Nd3 Rc2 36. Nf4 Rxa2 37. g6 Bxb3 38. Rc1 Bc2 39. gxh7 Kxh7 40.
Kxh3 a5 41. Nd5 e6 42. Nf4 Kg8 43. Kg4 Kf7 44. Kg5 Rb2 45. Nh5 a4 46. Kh6 a3
47. Rg1 e5 48. Rg7+ Ke6 49. Ra7 a2 50. Ng7+ Kd5 51. Ne8 Bb3 0-1

[Event "XtraCon-Skakligaen"]
[Site "Denmark"]
[Date "2014.02.16"]
[Round "7.4"]
[White "Pedersen, Nicolai Vesterbaek"]
[Black "Jaksland, Tim"]
[Result "1-0"]
[WhiteElo "2397"]
[BlackElo "2260"]
[PlyCount "131"]
[EventDate "2013.11.02"]
[EventType "team-tourn"]
[EventRounds "9"]
[WhiteTeam "Skanderborg"]
[BlackTeam "Hillerod"]
[WhiteTeamCountry "DEN"]
[BlackTeamCountry "DEN"]

1. d4 Nf6 2. Nf3 c5 3. c3 b6 4. dxc5 bxc5 5. e4 e6 6. e5 Nd5 7. c4 Nb4 8. a3
N4c6 9. Bf4 Qb6 10. Nc3 Nd4 11. Nxd4 cxd4 12. Nb5 Nc6 13. b4 a5 14. c5 Qb8 15.
Rb1 axb4 16. axb4 Ba6 17. Nxd4 Bxf1 18. Nxc6 dxc6 19. Rxf1 Be7 20. Qf3 Qb5 21.
Qe2 Qb7 22. Qc4 O-O 23. Ke2 Rfd8 24. Rfd1 Rd5 25. Rxd5 exd5 26. Qd3 g6 27. Be3
Qd7 28. Kf1 Ra2 29. h3 Qe6 30. Bd4 Bg5 31. Qb3 Ra8 32. Qc2 Bf4 33. Re1 Rb8 34.
Qc3 Re8 35. Qf3 Bd2 36. Rb1 Rb8 37. b5 Rxb5 38. Rxb5 cxb5 39. Qe2 Bf4 40. g3
Qxh3+ 41. Kg1 Bxg3 42. fxg3 Qxg3+ 43. Kf1 Qf4+ 44. Bf2 b4 45. e6 Qc1+ 46. Kg2
Qg5+ 47. Bg3 fxe6 48. c6 Kf7 49. Qc2 b3 50. Qxb3 Qd2+ 51. Bf2 Qg5+ 52. Bg3 Qd2+
53. Kh3 Qc1 54. Qf3+ Ke8 55. c7 Qh6+ 56. Kg2 Qd2+ 57. Kh3 Qh6+ 58. Bh4 Kd7 59.
Qf7+ Kc8 60. Qe7 Qe3+ 61. Bg3 Qh6+ 62. Bh4 Qe3+ 63. Bg3 Qh6+ 64. Kg2 Qd2+ 65.
Bf2 Kb7 66. Qd8 1-0

[Event "XtraCon-Skakligaen"]
[Site "Denmark"]
[Date "2014.02.16"]
[Round "7.5"]
[White "Nordenbaek, Jan"]
[Black "Pedersen, Steffen"]
[Result "1/2-1/2"]
[WhiteElo "2261"]
[BlackElo "2425"]
[PlyCount "50"]
[EventDate "2013.11.02"]
[EventType "team-tourn"]
[EventRounds "9"]
[WhiteTeam "Hillerod"]
[BlackTeam "Skanderborg"]
[WhiteTeamCountry "DEN"]
[BlackTeamCountry "DEN"]

1. e4 e5 2. Nf3 Nc6 3. Bc4 Bc5 4. c3 Nf6 5. d3 a6 6. Bb3 d6 7. h3 Ba7 8. Qe2
Ne7 9. Nbd2 Ng6 10. Nf1 O-O 11. Ne3 Be6 12. Bc2 d5 13. Ng5 Nf4 14. Qf1 d4 15.
Nd1 Nd7 16. Nxe6 fxe6 17. g3 Ng6 18. Qe2 Qf6 19. Bd2 Rf7 20. c4 Qe7 21. h4 Raf8
22. Bg5 Qd6 23. Kf1 Nf6 24. h5 Ne7 25. Kg2 c5 1/2-1/2

[Event "XtraCon-Skakligaen"]
[Site "Denmark"]
[Date "2014.02.16"]
[Round "7.6"]
[White "Andersen, Jackie"]
[Black "Percivaldi, Martin"]
[Result "1/2-1/2"]
[WhiteElo "2356"]
[BlackElo "2191"]
[PlyCount "106"]
[EventDate "2013.11.02"]
[EventType "team-tourn"]
[EventRounds "9"]
[WhiteTeam "Skanderborg"]
[BlackTeam "Hillerod"]
[WhiteTeamCountry "DEN"]
[BlackTeamCountry "DEN"]

1. d4 d5 2. Nf3 Nf6 3. Bf4 c5 4. e3 Nc6 5. c3 g6 6. h3 Bg7 7. Nbd2 O-O 8. dxc5
a5 9. a4 Nd7 10. Nb3 e5 11. Bh2 e4 12. Nfd4 Be5 13. Nb5 Bxh2 14. Rxh2 Nde5 15.
Qc2 Be6 16. Be2 Qe7 17. Rd1 Rad8 18. Kf1 f5 19. N3d4 f4 20. exf4 Rxf4 21. Kg1
Kh8 22. Qd2 Rf6 23. b4 Bg8 24. Rf1 Ra8 25. Nxc6 bxc6 26. Nd4 axb4 27. cxb4 Rxa4
28. Qc3 Kg7 29. h4 Be6 30. h5 Bd7 31. Re1 Nf7 32. f3 Qe5 33. fxe4 dxe4 34. Bc4
Rxb4 35. h6+ Kf8 36. Qxb4 Qxd4+ 37. Kh1 Ne5 38. Qb8+ Ke7 39. Be2 Rf8 40. Qd6+
Qxd6 41. cxd6+ Kxd6 42. Rh4 Bf5 43. Rf4 g5 44. Rff1 Rf6 45. Kg1 Ke6 46. g4 Bxg4
47. Bxg4+ Nxg4 48. Rxe4+ Ne5 49. Rfe1 Rf5 50. Kg2 Kd5 51. R4e3 c5 52. Rd1+ Ke6
53. Rc1 Kd5 1/2-1/2

[Event "XtraCon-Skakligaen"]
[Site "Denmark"]
[Date "2014.02.16"]
[Round "7.7"]
[White "Pedersen, Martin Rosenkilde"]
[Black "Seegert, Kristian"]
[Result "0-1"]
[WhiteElo "2176"]
[BlackElo "2154"]
[PlyCount "52"]
[EventDate "2013.11.02"]
[EventType "team-tourn"]
[EventRounds "9"]
[WhiteTeam "Hillerod"]
[BlackTeam "Skanderborg"]
[WhiteTeamCountry "DEN"]
[BlackTeamCountry "DEN"]

1. e4 e5 2. Nf3 Nc6 3. Bc4 Nf6 4. d3 Bc5 5. c3 O-O 6. h3 d5 7. exd5 Nxd5 8. O-O
Nb6 9. Bb3 Bf5 10. Nxe5 Nxe5 11. d4 Bxd4 12. cxd4 Nd3 13. Qf3 Bg6 14. Qxb7 Qxd4
15. Nc3 c5 16. Be3 Qe5 17. Na4 Nxa4 18. Bxa4 Rab8 19. Qa6 Rxb2 20. Qxa7 Be4 21.
Bb3 Bxg2 22. Kxg2 Qxe3 23. Qd7 Nxf2 24. Qxf7+ Rxf7 25. Bxf7+ Kf8 26. Rxf2 Qxf2+
0-1

[Event "XtraCon-Skakligaen"]
[Site "Denmark"]
[Date "2014.02.16"]
[Round "7.8"]
[White "Munk, Kai S"]
[Black "Andersen, Ib Hother"]
[Result "1-0"]
[WhiteElo "2033"]
[BlackElo "2119"]
[PlyCount "81"]
[EventDate "2013.11.02"]
[EventType "team-tourn"]
[EventRounds "9"]
[WhiteTeam "Skanderborg"]
[BlackTeam "Hillerod"]
[WhiteTeamCountry "DEN"]
[BlackTeamCountry "DEN"]

1. d4 Nf6 2. c4 e6 3. Nf3 Bb4+ 4. Bd2 Bxd2+ 5. Nbxd2 d5 6. g3 O-O 7. Bg2 Nc6 8.
O-O Qe7 9. Re1 Rd8 10. e3 e5 11. cxd5 Nxd5 12. e4 Nb6 13. d5 Nb8 14. Qb3 Kh8
15. Nc4 Nxc4 16. Qxc4 c6 17. Rac1 Bg4 18. Nd2 f6 19. Nb3 Bh5 20. Qc5 Qc7 21.
Qc3 Qb6 22. a4 cxd5 23. exd5 Na6 24. Qe3 Qxe3 25. Rxe3 Rac8 26. Rec3 Rxc3 27.
Rxc3 Bf7 28. Nc5 Nxc5 29. Rxc5 g6 30. Rc7 Bxd5 31. Bxd5 Rxd5 32. Rxb7 Rd2 33.
a5 a6 34. b4 Rb2 35. b5 axb5 36. a6 Ra2 37. a7 Kg8 38. Rb8+ Kf7 39. a8=Q Rxa8
40. Rxa8 Ke6 41. Rb8 1-0

[Event "XtraCon-Skakligaen"]
[Site "Denmark"]
[Date "2014.03.08"]
[Round "8.1"]
[White "Teplyi, Igor"]
[Black "Stojanovski, Sandi"]
[Result "1/2-1/2"]
[WhiteElo "2393"]
[BlackElo "2289"]
[PlyCount "83"]
[EventDate "2013.11.02"]
[EventType "team-tourn"]
[EventRounds "9"]
[WhiteTeam "Nordre"]
[BlackTeam "K41"]
[WhiteTeamCountry "DEN"]
[BlackTeamCountry "DEN"]

1. Nf3 c5 2. c4 Nf6 3. Nc3 e6 4. g3 b6 5. Bg2 Bb7 6. O-O Be7 7. d4 cxd4 8. Qxd4
d6 9. Rd1 a6 10. Bg5 Nbd7 11. Nd2 Bxg2 12. Kxg2 Rc8 13. Nde4 Rc6 14. b3 O-O 15.
f3 Qb8 16. Nxf6+ Bxf6 17. Bxf6 Nxf6 18. a4 Qc7 19. e4 Nd7 20. Qe3 Nf6 21. Ra2
h6 22. Rad2 Rc8 23. Qf4 Ne8 24. Rd3 Rc5 25. Kh1 Qe7 26. Qe3 Qb7 27. Kg1 R5c7
28. e5 dxe5 29. Qxe5 Nf6 30. Qe3 Rc6 31. Rd8+ Rxd8 32. Rxd8+ Kh7 33. Qd3+ g6
34. Qd4 Qe7 35. Ne4 e5 36. Nxf6+ Qxf6 37. Qd5 Re6 38. Rd7 a5 39. h4 Kg7 40. Rb7
Qf5 41. Qe4 Qf6 42. Rb8 1/2-1/2

[Event "XtraCon-Skakligaen"]
[Site "Denmark"]
[Date "2014.03.08"]
[Round "8.2"]
[White "Laursen, Niels Norskov"]
[Black "Sloth, Jorn"]
[Result "1/2-1/2"]
[WhiteElo "2282"]
[BlackElo "2338"]
[PlyCount "50"]
[EventDate "2013.11.02"]
[EventType "team-tourn"]
[EventRounds "9"]
[WhiteTeam "K41"]
[BlackTeam "Nordre"]
[WhiteTeamCountry "DEN"]
[BlackTeamCountry "DEN"]

1. e4 c5 2. Nf3 Nc6 3. Nc3 g6 4. d4 cxd4 5. Nxd4 Bg7 6. Be3 Nf6 7. Bc4 O-O 8.
O-O d6 9. h3 Na5 10. Bb3 b6 11. Re1 Bb7 12. Bg5 Nxb3 13. Nxb3 h6 14. Bh4 Rc8
15. Qd3 g5 16. Bg3 Nd7 17. Nd4 Ne5 18. Bxe5 Bxe5 19. Nf5 Kh7 20. Rad1 Rc6 21.
h4 e6 22. Nd4 Rc5 23. Nb3 Rc7 24. Nd4 Qf6 25. Ncb5 Rd7 1/2-1/2

[Event "XtraCon-Skakligaen"]
[Site "Denmark"]
[Date "2014.03.08"]
[Round "8.3"]
[White "Baekgaard, Martin"]
[Black "Schmidt, Kristen"]
[Result "1-0"]
[WhiteElo "2301"]
[BlackElo "2262"]
[PlyCount "99"]
[EventDate "2013.11.02"]
[EventType "team-tourn"]
[EventRounds "9"]
[WhiteTeam "Nordre"]
[BlackTeam "K41"]
[WhiteTeamCountry "DEN"]
[BlackTeamCountry "DEN"]

1. d4 g6 2. c4 Bg7 3. e4 d6 4. Nc3 Nf6 5. Be2 O-O 6. Nf3 Nbd7 7. O-O e5 8. Be3
Ng4 9. Bg5 f6 10. Bd2 Nh6 11. dxe5 dxe5 12. b4 c6 13. c5 Qe7 14. Qc1 Nf7 15.
Be3 Re8 16. Rd1 Nf8 17. Nd2 Ne6 18. Nb3 f5 19. f3 Nf4 20. Bf1 Bd7 21. Na5 Be6
22. a4 Qc7 23. Nc4 Rad8 24. Qc2 Bc8 25. Rxd8 Rxd8 26. Rd1 Ne6 27. exf5 Nd4 28.
Qa2 Nxf5 29. Rxd8+ Qxd8 30. Nd6 Nxe3 31. Qxf7+ Kh8 32. Nce4 Nf5 33. Bc4 Nh6 34.
Qe8+ Qxe8 35. Nxe8 b6 36. cxb6 axb6 37. N8d6 b5 38. Nxc8 bxc4 39. a5 Nf5 40. a6
Bh6 41. a7 Be3+ 42. Kf1 Bxa7 43. Nxa7 Nd4 44. Nc3 Kg7 45. Ne2 Kf6 46. Nxd4 exd4
47. Nxc6 d3 48. Ke1 c3 49. b5 Ke6 50. b6 1-0

[Event "XtraCon-Skakligaen"]
[Site "Denmark"]
[Date "2014.03.08"]
[Round "8.4"]
[White "Naes, Flovin Tor"]
[Black "Petersen, Tom Petri"]
[Result "0-1"]
[WhiteElo "2252"]
[BlackElo "2323"]
[PlyCount "84"]
[EventDate "2013.11.02"]
[EventType "team-tourn"]
[EventRounds "9"]
[WhiteTeam "K41"]
[BlackTeam "Nordre"]
[WhiteTeamCountry "DEN"]
[BlackTeamCountry "DEN"]

1. e4 g6 2. d4 Bg7 3. Nf3 d6 4. Bc4 a6 5. a4 b6 6. O-O e6 7. Nc3 Ne7 8. Bg5 h6
9. Be3 Nd7 10. Qd2 Bb7 11. h3 g5 12. Rad1 O-O 13. h4 g4 14. Ne1 Kh7 15. f4 d5
16. exd5 Nxd5 17. g3 Nxc3 18. Qxc3 Nf6 19. Kh2 Ne4 20. Qd3 Re8 21. f5 exf5 22.
Rxf5 Nd6 23. Rf4+ Be4 24. Qb3 Nxc4 25. Qxc4 f5 26. Rf2 Qd7 27. Bf4 c5 28. Rfd2
Bb7 29. dxc5 Qc6 30. Ng2 bxc5 31. Bd6 Rad8 32. Qxc5 Qf3 33. Nf4 Be4 34. c3 Rd7
35. Qf2 Rxd6 36. Qxf3 Rxd2+ 37. Rxd2 gxf3 38. Kg1 Kg8 39. Rd6 Bf8 40. Rg6+ Kf7
41. b4 a5 42. Rb6 Rc8 0-1

[Event "XtraCon-Skakligaen"]
[Site "Denmark"]
[Date "2014.03.08"]
[Round "8.5"]
[White "Veng, Johnny"]
[Black "Andreasen, Joan Hendrik"]
[Result "1/2-1/2"]
[WhiteElo "2232"]
[BlackElo "2239"]
[PlyCount "27"]
[EventDate "2013.11.02"]
[EventType "team-tourn"]
[EventRounds "9"]
[WhiteTeam "Nordre"]
[BlackTeam "K41"]
[WhiteTeamCountry "DEN"]
[BlackTeamCountry "DEN"]

1. d4 Nf6 2. Bg5 e6 3. e3 c5 4. c3 d5 5. Nd2 Bd6 6. Ngf3 O-O 7. Bd3 Nc6 8. O-O
e5 9. e4 Be6 10. dxe5 Bxe5 11. Nxe5 Nxe5 12. Bc2 h6 13. exd5 Bxd5 14. Re1
1/2-1/2

[Event "XtraCon-Skakligaen"]
[Site "Denmark"]
[Date "2014.03.08"]
[Round "8.6"]
[White "Brinck Claussen, Bjorn"]
[Black "Hoiberg, Nina"]
[Result "0-1"]
[WhiteElo "2248"]
[BlackElo "2212"]
[PlyCount "56"]
[EventDate "2013.11.02"]
[EventType "team-tourn"]
[EventRounds "9"]
[WhiteTeam "K41"]
[BlackTeam "Nordre"]
[WhiteTeamCountry "DEN"]
[BlackTeamCountry "DEN"]

1. e4 e5 2. Nf3 Nc6 3. Bb5 d6 4. d4 Bd7 5. Nc3 Nf6 6. Bg5 exd4 7. Nxd4 Be7 8.
O-O O-O 9. Re1 Re8 10. Bxc6 bxc6 11. e5 Ng4 12. Nxc6 Bxc6 13. Bxe7 Qxe7 14.
Qxg4 dxe5 15. Qc4 Qe6 16. Qc5 Rab8 17. Re3 Rxb2 18. Rae1 Rxc2 19. h3 Qg6 20.
Rg3 Qd6 21. Qc4 g6 22. Rd3 Qf6 23. Qc5 Re6 24. Red1 Kg7 25. Rd8 Qe7 26. Qe3 Rd6
27. R8xd6 cxd6 28. Qd3 Qg5 0-1

[Event "XtraCon-Skakligaen"]
[Site "Denmark"]
[Date "2014.03.08"]
[Round "8.7"]
[White "Christensen, Jan Schleicher"]
[Black "Christensen, Bo Garner"]
[Result "0-1"]
[WhiteElo "2218"]
[BlackElo "2219"]
[PlyCount "86"]
[EventDate "2013.11.02"]
[EventType "team-tourn"]
[EventRounds "9"]
[WhiteTeam "Nordre"]
[BlackTeam "K41"]
[WhiteTeamCountry "DEN"]
[BlackTeamCountry "DEN"]

1. d4 Nf6 2. Nf3 g6 3. Nc3 Bg7 4. e4 d6 5. Bf4 h6 6. h4 Bg4 7. Be2 Nbd7 8. Qd2
c5 9. d5 a6 10. a4 Qa5 11. O-O Qb4 12. Ra3 c4 13. Nb1 Qc5 14. Nc3 Rc8 15. a5
Nh5 16. Be3 Qc7 17. Re1 Nc5 18. Bd4 f6 19. e5 fxe5 20. Nxe5 dxe5 21. Bxc5 Qxc5
22. Bxg4 Rd8 23. Bxh5 gxh5 24. Qe2 O-O 25. Ne4 Qxd5 26. Qxh5 Rf4 27. Rae3 Qxa5
28. Qe2 Qd5 29. Ng3 Rdf8 30. Rd1 Qf7 31. Ne4 Rxh4 32. g3 Rh3 33. Kg2 Rh5 34. g4
Rh4 35. f3 Qf4 36. Ng3 b5 37. Re4 Qg5 38. Rd5 h5 39. Rdxe5 Bxe5 40. Rxe5 Qf4
41. Re4 Qd6 42. Re6 hxg4 43. fxg4 Qd5+ 0-1